Recuerdos de la vida de campaña en la Guerra del Pacífico. Por Antonio Urquieta, Oficial del Ejército de Operaciones. Tomo I-II

Salvato in:
Dettagli Bibliografici
Autore principale: Urquieta, Antonio (Autore)
Natura: Libro
Lingua:spagnolo
Pubblicazione: Santiago Imprenta Calle Juárez 1907
Edizione:1a. ed
Soggetti:
Tags: Aggiungi Tag
Nessun Tag, puoi essere il primo ad aggiungerne!!

MARC

LEADER 00000nam a2200000 a 4500
001 UCJ5121
003 CL-VaPUC
008 070124e19070000CL |||||||||||||||||spa|d
082 0 4 |a 983  |b URQ  |2 21 
100 0 |a Urquieta, Antonio  |e author  |9 509937 
245 1 0 |a Recuerdos de la vida de campaña en la Guerra del Pacífico. Por Antonio Urquieta, Oficial del Ejército de Operaciones. Tomo I-II 
250 |a 1a. ed 
300 |a 654 p 
942 |c BK 
945 |d 20070124 00:00:00  |a rinostro 
260 |a Santiago  |b Imprenta Calle Juárez  |c 1907 
500 |a Dos tomos empastados en un volumen 
650 0 |a Guerra del Pacífico  |9 314886 
650 7 |a MEMORIAS  |2 CL-VaPUC  |9 269159 
650 0 |a Anécdotas militares   |9 504445 
650 0 |a Historia de Chile  |9 265473 
583 |a last modification  |c 20070124 00:00:00  |k Rodrigo Vera 
999 |c 321234  |d 321232 
952 |0 0  |1 0  |4 0  |6 983_000000000000000_URQ_1907  |7 0  |8 X  |9 399928  |a FDOBUD  |b FDOBUD  |d 2019-11-22  |i 1030345  |o 983 URQ 1907  |p 1030345  |r 2019-11-22  |w 2019-11-22  |y BK_X  |k BUD